[Event "Titled Tuesday intern op 18th Oct Late"]
[Site "Chess.com INT"]
[Date "2022.10.18"]
[Round "11"]
[White "Cosoi Scherzer, Alejandro"]
[Black "Joubert, Dantelle"]
[Result "1-0"]
[WhiteElo "1848"]
[BlackElo "1566"]
[PlyCount "131"]
[EventDate "2022.10.18"]
[EventType "swiss (blitz)"]
[EventRounds "11"]
[EventCountry "USA"]
[SourceTitle "EXT 2024"]
[Source "ChessBase"]
[SourceDate "2023.10.10"]
[SourceVersion "1"]
[SourceVersionDate "2023.10.10"]
[SourceQuality "1"]

1. e4 e5 2. Nf3 Nc6 3. Bb5 Nf6 4. d3 Bc5 5. c3 0-0 6. 0-0 d6 7. h3 Bb6 8. Nbd2 Ne7 9. Re1 Ng6 10. Nf1 a6 11. Ba4 Nh5 12. Nxe5 Nxe5 13. Qxh5 Nxd3 14. Re2 Nxc1 15. Rxc1 Qf6 16. Ng3 g6 17. Qh6 Be6 18. a3 Bc4 19. Rd2 Qg7 20. Qxg7+ Kxg7 21. Re1 Ba7 22. e5 b5 23. Bc2 Rae8 24. b3 Be6 25. exd6 cxd6 26. Rxd6 Bc8 27. Rxe8 Rxe8 28. Rd1 h5 29. Ne4 Bf5 30. Nd6 Re2 31. Nxf5+ gxf5 32. Bd3 Rxf2 33. Kh1 f4 34. c4 bxc4 35. Bxc4 f3 36. gxf3 Rxf3 37. Rb1 Rxh3+ 38. Kg2 Rc3 39. Be2 Rc2 40. Kf3 h4 41. b4 Rc3+ 42. Kg4 h3 43. Bxa6 h2 44. Bb7 Rxa3 45. b5 Bg1 46. Bc6 Rc3 47. Bh1 Rc4+ 48. Kf5 Rc5+ 49. Kf4 Rc8 50. b6 Rb8 51. b7 Kf6 52. Kg3 Ke7 53. Rb3 Kd6 54. Kf4 Kc7 55. Ke5 Bf2 56. Rb1 Bg1 57. Kf6 Bf2 58. Kxf7 Bg1 59. Ke6 Bb6 60. Rc1+ Kd8 61. Rd1+ Ke8 62. Rb1 Kd8 63. Rxb6 Kc7 64. Rb1 Re8+ 65. Kf5 Rg8 66. Kf4 1-0

[Event "Titled Tuesday intern op 18th Oct Late"]
[Site "Chess.com INT"]
[Date "2022.10.18"]
[Round "9"]
[White "Moaataz, Ayah"]
[Black "Cosoi Scherzer, Alejandro"]
[Result "1-0"]
[WhiteElo "2059"]
[BlackElo "1848"]
[PlyCount "63"]
[EventDate "2022.10.18"]
[EventType "swiss (blitz)"]
[EventRounds "11"]
[EventCountry "USA"]
[SourceTitle "EXT 2024"]
[Source "ChessBase"]
[SourceDate "2023.10.10"]
[SourceVersion "1"]
[SourceVersionDate "2023.10.10"]
[SourceQuality "1"]

1. c4 e5 2. g3 Nf6 3. Bg2 d5 4. cxd5 Nxd5 5. Nf3 Nc6 6. 0-0 Be7 7. d4 exd4 8. Nxd4 Nxd4 9. Qxd4 Nf6 10. Qa4+ Bd7 11. Qb3 Bc6 12. Bxc6+ bxc6 13. Rd1 Qc8 14. Qf3 Qe6 15. Bf4 Rc8 16. Nc3 0-0 17. Be3 Ra8 18. Rac1 a5 19. Bf4 Rfb8 20. b3 Rb7 21. Na4 h6 22. Rxc6 Qf5 23. Rxf6 Bxf6 24. Qxb7 Re8 25. Qd5 Qg6 26. Qd3 Rf8 27. Qxg6 fxg6 28. Bxc7 Kh7 29. Rd7 Rc8 30. Bxa5 Rc2 31. Rd2 Rc1+ 32. Kg2 1-0

[Event "Titled Tuesday intern op 12th Jul Early"]
[Site "Chess.com INT"]
[Date "2022.07.12"]
[Round "1"]
[White "Ambartsumova, Karina"]
[Black "Cosoi Scherzer, Alejandro"]
[Result "1-0"]
[WhiteElo "2386"]
[BlackElo "1878"]
[PlyCount "87"]
[EventDate "2022.07.12"]
[EventType "swiss (blitz)"]
[EventRounds "11"]
[EventCountry "USA"]
[SourceTitle "EXT 2023"]
[Source "ChessBase"]
[SourceDate "2022.10.05"]
[SourceVersion "1"]
[SourceVersionDate "2022.10.05"]
[SourceQuality "1"]

1. Nf3 Nf6 2. g3 d5 3. Bg2 c6 4. d4 Bg4 5. 0-0 e6 6. Ne5 Bh5 7. c4 Nbd7 8. Nc3 Be7 9. Qb3 Qb6 10. Qxb6 axb6 11. Bf4 0-0 12. cxd5 exd5 13. Bh3 Rfd8 14. Bg5 Nf8 15. f4 h6 16. Bh4 Bg6 17. f5 Bh7 18. Rad1 Re8 19. g4 N6d7 20. Bg3 Nxe5 21. dxe5 Bc5+ 22. Kh1 Nd7 23. e4 Nxe5 24. exd5 cxd5 25. Nxd5 Nc4 26. Nc7 Ne3 27. Nxa8 Rxa8 28. a3 Nxf1 29. Bxf1 Re8 30. Bc4 Kf8 31. Rd7 Re7 32. Rd8+ Re8 33. Rd7 Re7 34. Rd1 Re8 35. b4 Be7 36. Rd7 Kg8 37. Rxb7 Kh8 38. Bxf7 Rd8 39. Rxe7 Rd1+ 40. Kg2 Bg8 41. Re8 Kh7 42. Bxg8+ Kh8 43. Bf7+ Kh7 44. Bg6# 1-0

[Event "Titled Tuesday intern op 12th Jul Early"]
[Site "Chess.com INT"]
[Date "2022.07.12"]
[Round "6"]
[White "Cosoi Scherzer, Alejandro"]
[Black "Malyovanyi, Yulian"]
[Result "0-1"]
[WhiteElo "1878"]
[BlackElo "2310"]
[PlyCount "98"]
[EventDate "2022.07.12"]
[EventType "swiss (blitz)"]
[EventRounds "11"]
[EventCountry "USA"]
[SourceTitle "EXT 2023"]
[Source "ChessBase"]
[SourceDate "2022.10.05"]
[SourceVersion "1"]
[SourceVersionDate "2022.10.05"]
[SourceQuality "1"]

1. e4 d6 2. d4 g6 3. Nc3 Bg7 4. Nf3 e5 5. dxe5 dxe5 6. Qxd8+ Kxd8 7. Bc4 f6 8. Be3 Bd7 9. 0-0-0 Kc8 10. h3 c6 11. Kb1 b5 12. Be2 Bh6 13. Bxh6 Nxh6 14. a3 Nf7 15. Rd2 Be6 16. Rhd1 Nd7 17. Na2 a5 18. Nc1 Kc7 19. Nb3 Rhd8 20. Nc1 Nc5 21. Rxd8 Nxd8 22. Nd2 Ndb7 23. f3 b4 24. axb4 axb4 25. Bc4 Bd7 26. Nf1 Nd6 27. Ba2 Nb5 28. Ne3 Nd4 29. Nc4 Be6 30. Nd2 Bxa2+ 31. Nxa2 b3 32. Nxb3 Ncxb3 33. cxb3 Nxb3 34. Nc3 Ra1+ 35. Kc2 Nd4+ 36. Kd2 Ra6 37. Ne2 Rb6 38. Rb1 Nb3+ 39. Kc2 Nc5 40. Nc3 Ne6 41. Kd2 Nd4 42. Ke3 c5 43. Kd2 Kc6 44. Nd5 Rb3 45. Nc3 c4 46. Nd1 Rd3+ 47. Ke1 Rb3 48. Ra1 Nc2+ 49. Kf1 Nxa1 0-1

[Event "Titled Tuesday intern op 12th Jul Early"]
[Site "Chess.com INT"]
[Date "2022.07.12"]
[Round "7"]
[White "Dilmukhametov, Artur"]
[Black "Cosoi Scherzer, Alejandro"]
[Result "0-1"]
[WhiteElo "2276"]
[BlackElo "1878"]
[PlyCount "164"]
[EventDate "2022.07.12"]
[EventType "swiss (blitz)"]
[EventRounds "11"]
[EventCountry "USA"]
[SourceTitle "EXT 2023"]
[Source "ChessBase"]
[SourceDate "2022.10.05"]
[SourceVersion "1"]
[SourceVersionDate "2022.10.05"]
[SourceQuality "1"]

1. d4 Nf6 2. Nc3 d5 3. Bf4 e6 4. Nf3 Bb4 5. e3 0-0 6. Bd3 c5 7. h4 Nc6 8. 0-0 c4 9. Be2 Bd6 10. Bxd6 Qxd6 11. Qd2 Bd7 12. Rfe1 a6 13. Bd1 b5 14. b3 b4 15. Ne2 Ne4 16. Qc1 c3 17. Kf1 a5 18. Neg1 Bc8 19. Nh3 Ba6+ 20. Kg1 h6 21. Be2 Bxe2 22. Rxe2 f6 23. Qe1 Kh7 24. Nf4 Ne7 25. Nh2 Qd7 26. f3 Nd6 27. g4 f5 28. Qg3 Ng8 29. Rg2 Qf7 30. g5 hxg5 31. hxg5 g6 32. Qh3+ Kg7 33. Kf2 Ne7 34. Rh1 Rh8 35. Qg3 Nb5 36. Rgg1 Rh7 37. Nf1 Rah8 38. Rxh7+ Rxh7 39. Rg2 Qg8 40. Rh2 Qh8 41. Rxh7+ Qxh7 42. Qg2 Kf7 43. Nh2 Qh4+ 44. Ke2 Nd6 45. Nd3 Nc6 46. Ne5+ Nxe5 47. dxe5 Nb5 48. e4 Na3 49. Ke3 Nb5 50. exd5 exd5 51. Qf2 f4+ 52. Ke2 d4 53. Qxh4 d3+ 54. Kd1 Nd4 55. Qh7+ Ke6 56. Qg8+ Kxe5 57. Qe8+ Kd5 58. Qd7+ Kc5 59. Qf7 dxc2+ 60. Kc1 Ne2+ 61. Kxc2 Nd4+ 62. Kc1 Ne2+ 63. Kd1 Nd4 64. Qf6 Kd5 65. Qd8+ Kc5 66. Qc8+ Kd5 67. Qc4+ Ke5 68. Nf1 Nxf3 69. Kc1 Nd4 70. Nh2 f3 71. Nxf3+ Nxf3 72. Qe2+ Kf4 73. Qc4+ Ke3 74. Qf7 Nd4 75. Qe7+ Kd3 76. Qc5 Ne2+ 77. Kb1 Nd4 78. Qc4+ Ke3 79. Qc7 Kd3 80. Qxa5 c2+ 81. Kc1 Ne2+ 82. Kb2 c1Q# 0-1

[Event "CHI-ch sf"]
[Site "Vina del Mar"]
[Date "2022.02.12"]
[Round "6"]
[White "Neira Zamudio, Rafael Thomas"]
[Black "Cosoi Scherzer, Alejandro"]
[Result "0-1"]
[WhiteElo "1488"]
[BlackElo "1939"]
[PlyCount "90"]
[EventDate "2022.02.08"]
[EventType "swiss"]
[EventRounds "8"]
[EventCountry "CHI"]
[SourceTitle "CBM 207 Extra"]
[Source "ChessBase"]
[SourceDate "2022.05.31"]
[SourceVersion "1"]
[SourceVersionDate "2022.05.31"]
[SourceQuality "1"]

1. d4 d5 2. Bf4 Nf6 3. e3 c5 4. c3 Nc6 5. Nd2 Qb6 6. Qb3 c4 7. Qc2 g6 8. e4 Nxe4 9. Nxe4 dxe4 10. Bxc4 Bg7 11. Ne2 Bf5 12. Ng3 e5 13. Nxf5 gxf5 14. dxe5 Nxe5 15. Bxe5 Bxe5 16. Qb3 Qf6 17. Bxf7+ Kf8 18. Bc4 b6 19. 0-0-0 Kg7 20. Rd7+ Kh6 21. g3 Rhc8 22. Kc2 b5 23. Bd5 Rab8 24. Rf7 Qg6 25. Be6 Rf8 26. Rxf8 Rxf8 27. Bd7 Rf6 28. Qxb5 Bc7 29. Qe2 Bb6 30. Rd1 f4 31. Kc1 fxg3 32. hxg3 Rxf2 33. Qg4 Be3+ 34. Kb1 Bg5 35. Rh1+ Kg7 36. Qh5 Rf1+ 37. Kc2 Rc1+ 38. Kb3 Qb6+ 39. Ka3 Qd6+ 40. Kb3 Qd5+ 41. Ka3 Rxh1 42. Qxh1 Qxd7 43. Qxe4 Qe7+ 44. Qxe7+ Bxe7+ 45. b4 h5 0-1

[Event "CHI-ch sf"]
[Site "Vina del Mar"]
[Date "2022.02.09"]
[Round "2"]
[White "Lemus Pena, Sebastian"]
[Black "Cosoi Scherzer, Alejandro"]
[Result "1-0"]
[WhiteElo "1612"]
[BlackElo "1939"]
[PlyCount "113"]
[EventDate "2022.02.08"]
[EventType "swiss"]
[EventRounds "8"]
[EventCountry "CHI"]
[SourceTitle "CBM 207 Extra"]
[Source "ChessBase"]
[SourceDate "2022.05.31"]
[SourceVersion "1"]
[SourceVersionDate "2022.05.31"]
[SourceQuality "1"]

1. e4 e5 2. Nf3 Nf6 3. d3 Nc6 4. g3 d5 5. Nbd2 dxe4 6. dxe4 Bc5 7. Bg2 0-0 8. 0-0 Bg4 9. c3 a5 10. a4 Qe7 11. Qc2 Rfd8 12. h3 Be6 13. Re1 h6 14. Nf1 Qd7 15. Kh2 Qd3 16. Qxd3 Rxd3 17. Be3 Bxe3 18. Rxe3 Rxe3 19. Nxe3 Nxe4 20. Kg1 Nc5 21. Nd2 Rd8 22. Ndc4 f6 23. Bxc6 bxc6 24. Nxa5 Ra8 25. b4 Bxh3 26. Nxc6 Rxa4 27. Rxa4 Nxa4 28. c4 Be6 29. Nd8 Kf8 30. Nxe6+ Ke7 31. Nxc7 Kd6 32. Na6 g6 33. b5 f5 34. Nd5 h5 35. b6 Kc6 36. Nab4+ Kb7 37. Nd3 e4 38. N3f4 g5 39. Ne6 h4 40. gxh4 gxh4 41. c5 h3 42. c6+ Kxc6 43. Nd8+ Kxd5 44. b7 Nc3 45. b8Q Ne2+ 46. Kh2 Nd4 47. Qb7+ Kc4 48. Kxh3 Nf3 49. Qf7+ Kd3 50. Qxf5 Kd2 51. Qd5+ Kc1 52. Qc4+ Kd2 53. Kg3 Ng5 54. Qd5+ Ke1 55. Qxg5 e3 56. Qxe3+ Kf1 57. Qd2 1-0

[Event "CHI-ch sf"]
[Site "Vina del Mar"]
[Date "2022.02.08"]
[Round "1"]
[White "Cosoi Scherzer, Alejandro"]
[Black "Norambuena Hernandez, Marco Antonio"]
[Result "1-0"]
[WhiteElo "1939"]
[BlackElo "1573"]
[PlyCount "71"]
[EventDate "2022.02.08"]
[EventType "swiss"]
[EventRounds "8"]
[EventCountry "CHI"]
[SourceTitle "CBM 207 Extra"]
[Source "ChessBase"]
[SourceDate "2022.05.31"]
[SourceVersion "1"]
[SourceVersionDate "2022.05.31"]
[SourceQuality "1"]

1. e4 e6 2. d4 d5 3. Nd2 Nf6 4. e5 Nfd7 5. Bd3 c5 6. c3 Nc6 7. Ne2 Be7 8. Nf3 0-0 9. 0-0 a5 10. Nf4 cxd4 11. cxd4 Re8 12. Re1 b6 13. Bxh7+ Kxh7 14. Qc2+ Kg8 15. Qxc6 Ba6 16. Nxe6 fxe6 17. Qxe6+ Kh8 18. Qxd5 Nf8 19. Qf7 Bb7 20. Be3 Bd5 21. Qh5+ Nh7 22. a3 Rf8 23. Nd2 Qd7 24. Rac1 Rac8 25. Nb1 Rxc1 26. Rxc1 Qf5 27. Qxf5 Rxf5 28. Rc8+ Rf8 29. Rc7 Re8 30. Nc3 Bb3 31. Rb7 Nf8 32. Rxb6 a4 33. f4 Kg8 34. f5 Nd7 35. Rb7 Nb8 36. d5 1-0

[Event "Titled Tuesday intern op 31st Aug"]
[Site "Chess.com INT"]
[Date "2021.08.31"]
[Round "9"]
[White "Cosoi Scherzer, Alejandro"]
[Black "Nguyen, Thi Minh Oanh"]
[Result "1-0"]
[WhiteElo "1893"]
[BlackElo "1835"]
[PlyCount "43"]
[EventDate "2021.08.31"]
[EventType "swiss (blitz)"]
[EventRounds "11"]
[EventCountry "USA"]
[SourceTitle "EXT 2022"]
[Source "ChessBase"]
[SourceDate "2021.10.06"]
[SourceVersion "1"]
[SourceVersionDate "2021.10.06"]
[SourceQuality "1"]

1. e4 c5 2. Nf3 e6 3. c3 d6 4. d4 cxd4 5. cxd4 b6 6. Nc3 Bb7 7. Bd3 Nf6 8. 0-0 Be7 9. Re1 0-0 10. Bg5 Nbd7 11. Rc1 h6 12. Bd2 Rc8 13. h3 a6 14. Qe2 b5 15. e5 Nd5 16. Qe4 g6 17. Bxh6 Re8 18. Qg4 Kh7 19. Qh5 N7f6 20. exf6 Nxf6 21. Qh4 Ng8 22. Ng5+ 1-0

[Event "Titled Tuesday intern op 31st Aug"]
[Site "Chess.com INT"]
[Date "2021.08.31"]
[Round "10"]
[White "Cramling Bellon, Anna"]
[Black "Cosoi Scherzer, Alejandro"]
[Result "0-1"]
[WhiteElo "2035"]
[BlackElo "1893"]
[PlyCount "82"]
[EventDate "2021.08.31"]
[EventType "swiss (blitz)"]
[EventRounds "11"]
[EventCountry "USA"]
[SourceTitle "EXT 2022"]
[Source "ChessBase"]
[SourceDate "2021.10.06"]
[SourceVersion "1"]
[SourceVersionDate "2021.10.06"]
[SourceQuality "1"]

1. d4 Nf6 2. c4 e6 3. Nc3 Bb4 4. Qc2 0-0 5. e4 d5 6. e5 Ne4 7. Bd3 c5 8. Nf3 Nc6 9. dxc5 Bxc3+ 10. bxc3 Qa5 11. cxd5 exd5 12. 0-0 Qxc3 13. Bxe4 Qxa1 14. Bxh7+ Kh8 15. Be3 Nb4 16. Qb3 Qxa2 17. Qxb4 Kxh7 18. Ng5+ Kg8 19. e6 Bxe6 20. Nxe6 fxe6 21. Qg4 Rae8 22. h4 Qc4 23. Qg3 Qe4 24. h5 d4 25. h6 Rf7 26. Bd2 e5 27. Re1 Qf5 28. hxg7 Rxg7 29. Qh4 Qg4 30. Qh2 e4 31. Bf4 a5 32. Bg3 a4 33. Qh6 a3 34. Qd6 a2 35. Qd5+ Qe6 36. Qxd4 Rd7 37. Qa1 Ra8 38. Rd1 Rxd1+ 39. Qxd1 a1Q 40. Qxa1 Rxa1+ 41. Kh2 Qh6+ 0-1

[Event "Titled Tuesday intern op 31st Aug"]
[Site "Chess.com INT"]
[Date "2021.08.31"]
[Round "1"]
[White "Jakubowski, Krzysztof"]
[Black "Cosoi Scherzer, Alejandro"]
[Result "0-1"]
[WhiteElo "2474"]
[BlackElo "1893"]
[PlyCount "28"]
[EventDate "2021.08.31"]
[EventType "swiss (blitz)"]
[EventRounds "11"]
[EventCountry "USA"]
[SourceTitle "EXT 2022"]
[Source "ChessBase"]
[SourceDate "2021.10.06"]
[SourceVersion "1"]
[SourceVersionDate "2021.10.06"]
[SourceQuality "1"]

1. d4 Nf6 2. c4 e6 3. Nc3 Bb4 4. Nf3 0-0 5. Bg5 h6 6. Bh4 c5 7. Rc1 d5 8. dxc5 Na6 9. cxd5 exd5 10. Bxf6 Qxf6 11. Qxd5 Nxc5 12. Qe5 Qc6 13. a3 Re8 14. Qf4 Nd3+ 0-1

[Event "Titled Tuesday intern op 31st Aug"]
[Site "Chess.com INT"]
[Date "2021.08.31"]
[Round "6"]
[White "Nguyen, Hong Nhung"]
[Black "Cosoi Scherzer, Alejandro"]
[Result "1-0"]
[WhiteElo "1697"]
[BlackElo "1893"]
[PlyCount "69"]
[EventDate "2021.08.31"]
[EventType "swiss (blitz)"]
[EventRounds "11"]
[EventCountry "USA"]
[SourceTitle "EXT 2022"]
[Source "ChessBase"]
[SourceDate "2021.10.06"]
[SourceVersion "1"]
[SourceVersionDate "2021.10.06"]
[SourceQuality "1"]

1. e4 e5 2. Nf3 Nf6 3. Nxe5 d6 4. Nf3 Nxe4 5. d4 d5 6. Bd3 Nc6 7. 0-0 Be7 8. c4 Nb4 9. Qa4+ Bd7 10. Qb3 Nxd3 11. Qxd3 0-0 12. Nc3 Nxc3 13. bxc3 dxc4 14. Qxc4 Be6 15. Qb5 Qd5 16. Qxd5 Bxd5 17. Ne5 b5 18. Re1 Bf6 19. Bf4 Rfd8 20. a4 c6 21. axb5 cxb5 22. Ra6 Bb7 23. Ra5 b4 24. Rb5 Bxe5 25. Bxe5 Ba6 26. Rxb4 Re8 27. Rc1 Re7 28. Bf4 f6 29. h3 Rc8 30. c4 Rb7 31. Ra4 Rb6 32. c5 Bb5 33. cxb6 Rxc1+ 34. Bxc1 Bxa4 35. b7 1-0

[Event "Santiago de Chile Constitucion op"]
[Site "Santiago de Chile"]
[Date "2020.02.22"]
[Round "3"]
[White "Cosoi Scherzer, Alejandro"]
[Black "Alvarez Vargas, German"]
[Result "1/2-1/2"]
[WhiteElo "1915"]
[BlackElo "2008"]
[PlyCount "85"]
[EventDate "2020.02.22"]
[EventType "swiss"]
[EventRounds "6"]
[EventCountry "CHI"]
[SourceTitle "CBM 195 Extra"]
[Source "ChessBase"]
[SourceDate "2020.05.31"]
[SourceVersion "1"]
[SourceVersionDate "2020.05.31"]
[SourceQuality "1"]

1. e4 c5 2. Nf3 g6 3. d4 cxd4 4. Nxd4 Nf6 5. Nc3 Bg7 6. Be3 Nc6 7. Bc4 Qa5 8. 0-0 0-0 9. Bb3 d6 10. h3 Bd7 11. f4 Nxd4 12. Bxd4 Bc6 13. Qd3 Nd7 14. Bxg7 Kxg7 15. Qd4+ Kg8 16. Kh2 Qc5 17. Qd3 b5 18. Bd5 Rab8 19. Bxc6 Qxc6 20. Nd5 Rfe8 21. c3 Qc4 22. Qf3 a5 23. a3 e6 24. Ne3 Qc6 25. Rfe1 Kg7 26. Rad1 Nc5 27. Nc2 Red8 28. Qe3 d5 29. e5 Ne4 30. Re2 h5 31. h4 Rdc8 32. Qa7 Qc7 33. Qxc7 Rxc7 34. g3 Nc5 35. Kg2 Na6 36. Rd4 Nc5 37. Kf3 Na4 38. Ne3 Rbc8 39. Kf2 Nb6 40. Ke1 Nc4 41. Kd1 Rb8 42. Nxc4 bxc4 43. Kc1 1/2-1/2

[Event "Santiago IRT"]
[Site "Santiago de Chile"]
[Date "2018.03.08"]
[Round "1.9"]
[White "Cosoi Scherzer, Alejandro"]
[Black "Urrutia Cordova, Camila Fernanda"]
[Result "0-1"]
[WhiteElo "2015"]
[BlackElo "1671"]
[PlyCount "98"]
[EventDate "2018.03.08"]
[EventType "swiss"]
[EventRounds "6"]
[EventCountry "CHI"]
[SourceTitle "EXT 2024"]
[Source "ChessBase"]
[SourceDate "2023.10.10"]
[SourceVersion "1"]
[SourceVersionDate "2023.10.10"]
[SourceQuality "1"]

1. e4 c5 2. Nf3 e6 3. d4 cxd4 4. Nxd4 Nf6 5. Nc3 d6 6. Be3 a6 7. f3 Qc7 8. Qd2 Nc6 9. g4 b5 10. g5 Nd7 11. 0-0-0 Bb7 12. h4 Nb6 13. Bd3 Ne5 14. f4 Nec4 15. Bxc4 Nxc4 16. Qd3 Rc8 17. f5 e5 18. Ndxb5 axb5 19. Nxb5 Qa5 20. Nc3 Nxb2 21. Kxb2 Qb4+ 22. Kc1 Rxc3 23. Qe2 Qa3+ 24. Kd2 Bxe4 25. Qb5+ Bc6 26. Qb8+ Kd7 27. Bb6 Bxh1 28. Qd8+ Kc6 29. Qc7+ Kd5 30. Qxc3 Qxc3+ 31. Kxc3+ Kc6 32. Bd8 Be4 33. f6 d5 34. Ba5 gxf6 35. gxf6 d4+ 36. Kb2 Rg8 37. Re1 Kd5 38. Kb3 Rg3+ 39. Ka4 Bxc2+ 40. Kb5 Bd3+ 41. Kb6 Rg6 42. Kc7 Rxf6 43. Bd2 Ra6 44. Bg5 f6 45. Bd2 Bc5 46. Ra1 Ra7+ 47. Kd8 Kc6 48. Ke8 Bc4 49. Ba5 Rxa5 0-1

[Event "Santiago 2000+ op 1ER"]
[Site "Santiago de Chile"]
[Date "2016.10.29"]
[Round "1.3"]
[White "Cosoi Scherzer, Alejandro"]
[Black "Milla Ramirez, Luis Domingo"]
[Result "0-1"]
[WhiteElo "2010"]
[BlackElo "2183"]
[PlyCount "72"]
[EventDate "2016.10.29"]
[EventType "swiss"]
[EventRounds "5"]
[EventCountry "CHI"]
[SourceTitle "EXT 2024"]
[Source "ChessBase"]
[SourceDate "2023.10.10"]
[SourceVersion "1"]
[SourceVersionDate "2023.10.10"]
[SourceQuality "1"]

1. e4 g6 2. d4 Bg7 3. Nc3 c5 4. dxc5 Nc6 5. Nf3 Nf6 6. Bd3 Qa5 7. 0-0 Qxc5 8. Be3 Qh5 9. h3 d6 10. Ng5 Qxd1 11. Raxd1 0-0 12. a3 a6 13. Nf3 b5 14. Nd4 Ne5 15. Be2 Bb7 16. f3 Rfc8 17. Nb3 Nc6 18. Rd2 Rab8 19. g4 b4 20. axb4 Nxb4 21. Na5 Bc6 22. Nxc6 Rxc6 23. Nd5 Nfxd5 24. exd5 Rxc2 25. Rxc2 Nxc2 26. Bg5 Bd4+ 27. Kh1 f6 28. Bf4 Rxb2 29. Bxa6 Nb4 30. Bc8 Nd3 31. Bg3 Nc5 32. Re1 Kf8 33. Rd1 Bf2 34. Bf4 Kf7 35. Rc1 Rb8 36. Rxc5 Bxc5 0-1

[Event "Santiago Honour Series"]
[Site "Santiago de Chile"]
[Date "2016.08.29"]
[Round "1.2"]
[White "Olivares Olivares, Claudio"]
[Black "Cosoi Scherzer, Alejandro"]
[Result "1-0"]
[WhiteElo "2208"]
[BlackElo "1998"]
[PlyCount "52"]
[EventDate "2016.08.29"]
[EventType "swiss"]
[EventRounds "7"]
[EventCountry "CHI"]
[SourceTitle "EXT 2024"]
[Source "ChessBase"]
[SourceDate "2023.10.10"]
[SourceVersion "1"]
[SourceVersionDate "2023.10.10"]
[SourceQuality "1"]

1. e4 c5 2. Nf3 e6 3. d4 cxd4 4. Nxd4 Nc6 5. Nb5 d6 6. Bf4 e5 7. Be3 Nf6 8. N1c3 Be6 9. a4 a6 10. Na3 d5 11. exd5 Nxd5 12. Nxd5 Qxd5 13. Nc4 Rd8 14. Qxd5 Bxd5 15. c3 Be7 16. Bb6 Rd7 17. 0-0-0 Bg5+ 18. Be3 Bxe3+ 19. fxe3 Be6 20. Be2 Ke7 21. Nb6 Rxd1+ 22. Rxd1 Rd8 23. Bf3 Rxd1+ 24. Kxd1 Kd6 25. b4 a5 26. Bxc6 bxc6 1-0

[Event "Santiago Vuelta op"]
[Site "Santiago de Chile"]
[Date "2016.03.10"]
[Round "2"]
[White "Vergara Jofre, Felipe Andres"]
[Black "Cosoi Scherzer, Alejandro"]
[Result "1/2-1/2"]
[WhiteElo "2240"]
[BlackElo "1987"]
[PlyCount "73"]
[EventDate "2016.03.07"]
[EventType "swiss"]
[EventRounds "7"]
[EventCountry "CHI"]
[SourceTitle "EXT 2017"]
[Source "ChessBase"]
[SourceDate "2016.10.25"]
[SourceVersion "1"]
[SourceVersionDate "2016.10.25"]
[SourceQuality "1"]

1. e4 e5 2. Nf3 Nf6 3. Nc3 Nc6 4. Be2 Be7 5. 0-0 0-0 6. b3 d5 7. exd5 Nxd5 8. Nxd5 Qxd5 9. Bc4 Qd6 10. Re1 Bf6 11. a4 Re8 12. Bb2 e4 13. Bxf6 Qxf6 14. d3 Bg4 15. dxe4 Rad8 16. Bd3 Ne5 17. Re3 h5 18. Kf1 h4 19. h3 Bh5 20. a5 Rd6 21. Ra4 Red8 22. Rb4 b6 23. axb6 axb6 24. Rb5 c5 25. Qe2 Qf4 26. Ke1 Rg6 27. Nxe5 Bxe2 28. Nxg6 fxg6 29. Kxe2 Qc7 30. e5 Re8 31. e6 Qd6 32. Re4 g5 33. b4 cxb4 34. Rbxb4 Re7 35. Rbd4 Qc7 36. Rd5 g4 37. hxg4 1/2-1/2

[Event "Santiago de Chile op"]
[Site "Santiago de Chile"]
[Date "2011.09.14"]
[Round "4"]
[White "Cosoi Scherzer, Alejandro"]
[Black "Stevens, Tristan"]
[Result "0-1"]
[WhiteElo "2060"]
[BlackElo "2128"]
[PlyCount "50"]
[EventDate "2011.09.07"]
[EventType "swiss"]
[EventRounds "9"]
[EventCountry "CHI"]
[SourceTitle "EXT 2012"]
[Source "ChessBase"]
[SourceDate "2011.11.24"]
[SourceVersion "1"]
[SourceVersionDate "2011.11.24"]
[SourceQuality "1"]

1. e4 c5 2. Nf3 g6 3. d4 cxd4 4. Nxd4 Bg7 5. Nc3 Nc6 6. Be3 Nf6 7. Bc4 0-0 8. Bb3 a5 9. f3 d5 10. exd5 Nb4 11. Nde2 a4 12. Bxa4 Nfxd5 13. Bf2 Rxa4 14. Nxa4 Bf5 15. Rc1 Qa5 16. c3 Nd3+ 17. Kf1 Nxc1 18. Nxc1 Rd8 19. Qb3 Bh6 20. Ne2 b5 21. Nc5 Ne3+ 22. Bxe3 Bxe3 23. Nd4 Rxd4 24. Nb7 Qc7 25. g4 Qxb7 0-1

[Event "Santiago de Chile op"]
[Site "Santiago de Chile"]
[Date "2011.09.12"]
[Round "3"]
[White "Tapia Fuentes, Jaime"]
[Black "Cosoi Scherzer, Alejandro"]
[Result "1-0"]
[WhiteElo "2044"]
[BlackElo "2060"]
[PlyCount "155"]
[EventDate "2011.09.07"]
[EventType "swiss"]
[EventRounds "9"]
[EventCountry "CHI"]
[SourceTitle "EXT 2012"]
[Source "ChessBase"]
[SourceDate "2011.11.24"]
[SourceVersion "1"]
[SourceVersionDate "2011.11.24"]
[SourceQuality "1"]

1. e4 Nf6 2. e5 Nd5 3. d4 d6 4. exd6 cxd6 5. Nf3 g6 6. c4 Nb6 7. Nc3 Bg7 8. Be3 Nc6 9. Be2 0-0 10. 0-0 Bg4 11. b3 e5 12. d5 Ne7 13. Rc1 Nf5 14. Bg5 f6 15. Bd2 Bxf3 16. Bxf3 Nd4 17. Be4 f5 18. Bb1 f4 19. Qg4 Nd7 20. Rfe1 Nf6 21. Qh3 Qc8 22. Qxc8 Raxc8 23. Ne2 Nf5 24. f3 b6 25. Bb4 Rfd8 26. a4 a5 27. Bd2 Nd7 28. Bc2 Nc5 29. Rb1 Ra8 30. b4 axb4 31. Rxb4 Nd7 32. Reb1 Rdc8 33. Nc3 Nd4 34. Bd1 Ra7 35. Be1 Rac7 36. Ne4 Bf8 37. Nd2 Be7 38. Bf2 Bf6 39. Kf1 Kf7 40. Bxd4 exd4 41. Ne4 Ke7 42. Bb3 h6 43. Re1 Be5 44. g3 g5 45. h4 fxg3 46. hxg5 hxg5 47. Nxg3 Rf8 48. Kg2 Kf6 49. Ne4+ Ke7 50. Nxg5 Rg8 51. f4 Kf6 52. Kf3 Nc5 53. fxe5+ Kxg5 54. Rg1+ Kh6 55. Rxg8 Rf7+ 56. Ke2 d3+ 57. Ke3 Kh7 58. Rg2 dxe5 59. Rxb6 e4 60. Bd1 Rf1 61. Rd2 Re1+ 62. Kf2 Rh1 63. Bg4 Rh4 64. Bf5+ Kg7 65. Ke3 Rh1 66. a5 Re1+ 67. Kf2 Ra1 68. Rb5 Na4 69. Bxe4 Nc3 70. Rb7+ Kf6 71. Bxd3 Rxa5 72. Rb3 Na2 73. Ke3 Ke5 74. Rb6 Rxd5 75. cxd5 Nc3 76. Bc4 Ne4 77. Re6+ Kf5 78. Rxe4 1-0